Las grandes batallas de la División del Norte : al mando del general Francisco Villa /
En la presente obra se describen las batallas en que intervino la División del Norte, así como los partes oficiales rendidos por el ejército federal sobre las mismas, en los que se incluyen las tomas de Torreón, Ciudad Juárez, Paredón, Zacatecas, entre otros.
Kaydedildi:
| Yazar: | |
|---|---|
| Materyal Türü: | Kitap |
| Dil: | İspanyolca |
| Baskı/Yayın Bilgisi: |
México :
Diana,
1964, c1964
|
| Konular: | |
| Etiketler: |
Etiket eklenmemiş, İlk siz ekleyin!
|
MARC
| LEADER | 00000nam^a2200000^a^4500 | ||
|---|---|---|---|
| 001 | 000129335 | ||
| 005 | 20250521000000.0 | ||
| 009 | 20260310094909.268 | ||
| 037 | |a Acervo ITESO - Biblioteca | ||
| 041 | |a ESP | ||
| 082 | |a 972. 061 |b AGU | ||
| 100 | |a Aguirre Benavides, Luis |e (autor) | ||
| 245 | 1 | 4 | |a Las grandes batallas de la División del Norte : |b al mando del general Francisco Villa / |c L. Aguirre Benavides. |
| 264 | 4 | |a México : |b Diana, |c 1964, c1964 | |
| 300 | |a 205 p. | ||
| 336 | |a texto |b txt |2 rdacontenido | ||
| 337 | |a sin mediación |b n |2 rdamedio | ||
| 338 | |a volumen |b nc |2 rdasoporte | ||
| 520 | |a En la presente obra se describen las batallas en que intervino la División del Norte, así como los partes oficiales rendidos por el ejército federal sobre las mismas, en los que se incluyen las tomas de Torreón, Ciudad Juárez, Paredón, Zacatecas, entre otros. | ||
| 649 | |a XX | ||
| 650 | |a Revolucionarios Mexicanos - |x Biografías | ||
| 650 | |a Políticos Mexicanos - |x Biografías | ||
| 650 | |a Política - |z México - |x Historia - |y Revolución, 1910-1917 | ||
| 650 | |a México - |x Historia - |y Revolución, 1910-1917 | ||
| 650 | |a México - |x Historia - |y Revolución Villista, 1914-1920 | ||
| 650 | |a México - |x Historia - |y 1910-1946 | ||
| 650 | |a México - |x Historia - |y Siglo XX | ||
| 600 | |a Villa, Pancho | ||
| 910 | |a Fondo Salvador Reynoso Reynoso | ||
| 920 | |a Impresos - Libros | ||
| 930 | |a Fondos Especiales | ||
| 905 | |a 112 | ||
| 901 | |a 0800011232 |b IT2 |c ESP |u 20250521 | ||
| 902 | |a https://opac.biblio.iteso.mx/vufind/Record/000129335 | ||